Online
Catalog

Reglamento de Evaluación del Desempeño y Promoción de los Servidores y Funcionarios de la administración pública. (Record no. 44596)

MARC details
000 -CABECERA
campo de control de longitud fija 00734nam a2200145 a 4500
001 - NÚMERO DE CONTROL
campo de control 000045107
005 - FECHA Y HORA DE LA ÚLTIMA TRANSACCIÓN
campo de control 20201002045901.0
008 - DATOS DE LONGITUD FIJA--INFORMACIÓN GENERAL
campo de control de longitud fija 150203s2009 dr 000 0 spa d
040 ## - FUENTE DE LA CATALOGACIÓN
Centro catalogador/agencia de origen DO-SdBNP
Lengua de catalogación spa
Centro/agencia transcriptor BNPHU
110 1# - ENTRADA PRINCIPAL--NOMBRE DE ENTIDAD CORPORATIVA
Nombre de entidad corporativa o nombre de jurisdicción como elemento de entrada República Dominicana
Unidad subordinada Secretaría de Estado de Administración Pública
9 (RLIN) 57557
245 10 - MENCIÓN DE TÍTULO
Título Reglamento de Evaluación del Desempeño y Promoción de los Servidores y Funcionarios de la administración pública.
246 12 - FORMA VARIANTE DE TÍTULO
Título propio/Titulo breve Reglamento de evaluación del desempeño y promoción de los servidores y funcionarios de la administración pública (no. 525-09) (de aplicación de la ley No. 41-08)
260 ## - PUBLICACIÓN, DISTRIBUCIÓN, ETC.
Lugar de publicación, distribución, etc. Santo Domingo :
Nombre del editor, distribuidor, etc. Secretaría de Estado de Administración Pública,
Fecha de publicación, distribución, etc. 2009.
300 ## - DESCRIPCIÓN FÍSICA
Extensión 40 p. ;
Dimensiones 21 cm.
Holdings
Estado de retiro Estado de pérdida No para préstamo Código de colección Localización permanente Ubicación/localización actual Ubicación en estantería Fecha de adquisición Número de inventario Total de préstamos Signatura topográfica completa Código de barras Fecha visto por última vez Precio válido a partir de Tipo de ítem Koha
    Excluido de préstamo Patrimonio Dominicano Patrimonio Dominicano Patrimonio Dominicano En catalogación 03.02.2015 LF1   45107-10 25.06.2020 25.06.2020 Libro y Folleto Colección Patrimonio Dominicano

Powered by Koha